Численное решение задачи о распространении загрязнения в водной среде; Вестник науки Сибири; № 4 (10)
| Parent link: | Вестник науки Сибири: электронный научный журнал/ Томский политехнический университет (ТПУ).— , 2011-.— 2226-0064 № 4 (10).— 2013.— [С. 93-97] |
|---|---|
| Main Author: | |
| Corporate Author: | |
| Summary: | Заглавие с титульного листа Реки являются основным источником водоснабжения. В настоящее время еще недостаточно эффективны способы очистки воды, особенно в случаях аварийных залповых выбросов различных веществ. Поэтому представляют интерес методы оценки состояния водной среды, с помощью которых осуществляется описание распространения загрязняющих примесей в водоемах. В данной работе представлена математическая модель процесса тепло- и массопереноса, расчета полей скорости, температуры и концентраций загрязняющих компонент в водоеме. Разработанные методы предсказания уровней распределения загрязняющих примесей, попадающих в водную среду, могут быть использованы для контроля качества речной воды, в том числе при условии аварийных выбросов различных веществ в водоем. |
| Language: | Russian |
| Published: |
2013
|
| Series: | Инженерные науки |
| Subjects: | |
| Online Access: | http://earchive.tpu.ru/handle/11683/16329 |
| Format: | Electronic Book Chapter |
| KOHA link: | https://koha.lib.tpu.ru/cgi-bin/koha/opac-detail.pl?biblionumber=527768 |
MARC
| LEADER | 00000naa2a2200000 4500 | ||
|---|---|---|---|
| 001 | 527768 | ||
| 005 | 20240120144422.0 | ||
| 035 | |a (RuTPU)RU\TPU\prd\211624 | ||
| 035 | |a RU\TPU\prd\211615 | ||
| 090 | |a 527768 | ||
| 100 | |a 20140130d2013 k y0rusy50 ca | ||
| 101 | 0 | |a rus | |
| 102 | |a RU | ||
| 135 | |a drnn ---uucaa | ||
| 181 | 0 | |a i | |
| 182 | 0 | |a b | |
| 200 | 1 | |a Численное решение задачи о распространении загрязнения в водной среде |f В. А. Перминов | |
| 203 | |a Текст |c электронный | ||
| 215 | |a 1 файл (849 Кб) | ||
| 225 | 1 | |a Инженерные науки | |
| 300 | |a Заглавие с титульного листа | ||
| 320 | |a [Библиогр.: с. 96-97 (9 назв.)] | ||
| 330 | |a Реки являются основным источником водоснабжения. В настоящее время еще недостаточно эффективны способы очистки воды, особенно в случаях аварийных залповых выбросов различных веществ. Поэтому представляют интерес методы оценки состояния водной среды, с помощью которых осуществляется описание распространения загрязняющих примесей в водоемах. В данной работе представлена математическая модель процесса тепло- и массопереноса, расчета полей скорости, температуры и концентраций загрязняющих компонент в водоеме. Разработанные методы предсказания уровней распределения загрязняющих примесей, попадающих в водную среду, могут быть использованы для контроля качества речной воды, в том числе при условии аварийных выбросов различных веществ в водоем. | ||
| 337 | |a Adobe Reader | ||
| 461 | 1 | |0 (RuTPU)RU\TPU\prd\143680 |x 2226-0064 |t Вестник науки Сибири |o электронный научный журнал |f Томский политехнический университет (ТПУ) |d 2011- | |
| 463 | 1 | |0 (RuTPU)RU\TPU\prd\211275 |t № 4 (10) |v [С. 93-97] |d 2013 | |
| 610 | 1 | |a труды учёных ТПУ | |
| 610 | 1 | |a электронный ресурс | |
| 610 | 1 | |a загрязнения | |
| 610 | 1 | |a водная среда | |
| 610 | 1 | |a водоснабжение | |
| 610 | 1 | |a примеси | |
| 610 | 1 | |a контроль качества | |
| 610 | 1 | |a математическая модель | |
| 700 | 1 | |a Перминов |b В. А. |c специалист в области экологии и безопасности жизнедеятельности |c профессор Томского политехнического университета, доктор физико-математических наук |f 1958- |g Валерий Афанасьевич |3 (RuTPU)RU\TPU\pers\30888 |9 15133 | |
| 712 | 0 | 2 | |a Национальный исследовательский Томский политехнический университет (ТПУ) |b Институт неразрушающего контроля (ИНК) |b Кафедра экологии и безопасности жизнедеятельности (ЭБЖ) |3 (RuTPU)RU\TPU\col\18720 |
| 801 | 1 | |a RU |b 63413507 |c 20090623 |g PSBO | |
| 801 | 2 | |a RU |b 63413507 |c 20180115 |g PSBO | |
| 856 | 4 | |u http://earchive.tpu.ru/handle/11683/16329 | |
| 942 | |c BK | ||